000 00686nam a22001817a 4500
005 20251108164221.0
008 250721s1994 xx 000 0 ara d
082 1 4 _a302.3/وجي
100 1 _aوجيه، حسن محمد
245 1 0 _aمقدمة في علم التفاوض الإجتماعي و السياسي :
_bدراسة لتنمية مهارات الأداء من واقع الحوار /
264 1 _aالكويت :
_bالمجلس الوطني للثقافة والفنون والآداب،
_c1994.
300 _a351ص
490 0 _aكتب ثقافية شهرية ؛ 190
650 1 7 _aالمفاوضات
650 1 7 _aالمناظرات
942 _2ddc
_cBK
999 _c6614
_d6614